Dienen; (Record no. 3301)

MARC details
000 -LEADER
fixed length control field 00515cam a22001931 4500
001 - CONTROL NUMBER
control field af 47005840
003 - CONTROL NUMBER IDENTIFIER
control field DLC
005 - DATE AND TIME OF LATEST TRANSACTION
control field 20260227110834.0
008 - FIXED-LENGTH DATA ELEMENTS--GENERAL INFORMATION
fixed length control field 880523s1943 gw 000 0 ger
010 ## - LIBRARY OF CONGRESS CONTROL NUMBER
LC control number af 47005840
035 ## - SYSTEM CONTROL NUMBER
System control number (OCoLC)21932080
040 ## - CATALOGING SOURCE
Original cataloging agency DLC
Transcribing agency PU
Modifying agency DLC
042 ## - AUTHENTICATION CODE
Authentication code premarc
050 00 - LIBRARY OF CONGRESS CALL NUMBER
Classification number PT2635.E454
Item number D5
100 1# - MAIN ENTRY--PERSONAL NAME
Personal name Reifenrath, Joachim Wolfgang,
Dates associated with a name 1917-
245 10 - TITLE STATEMENT
Title Dienen;
Remainder of title gedichte.
260 ## - PUBLICATION, DISTRIBUTION, ETC.
Place of publication, distribution, etc. Wolfenbüttel
-- und Berlin,
Name of publisher, distributor, etc. G. Kallmeyer,
Date of publication, distribution, etc. 1943.
300 ## - PHYSICAL DESCRIPTION
Extent 2 p.l., 9-60 p.
Dimensions 22 cm.

No items available.

Powered by Koha